000 00325pam a2200145 a 4500
020 _a978-0-07-064819-7
_c
041 _h
082 _a620.1
100 _aChang R.
_eAuthor
245 _aChemistry
_cChang R.
_hTextual Documents
250 _a9th Ed.
260 _bTata McGraw Hill
_c2010
300 _a1063
930 _a170
999 _c244394
_d244394